NLSUI OPAC header image

Religion, community, and development : (Record no. 116133)

MARC details
000 -LEADER
fixed length control field 01514cam a2200385 a 4500
001 - CONTROL NUMBER
control field 17253607
003 - CONTROL NUMBER IDENTIFIER
control field OSt
005 - DATE AND TIME OF LATEST TRANSACTION
control field 20200613121949.0
008 - FIXED-LENGTH DATA ELEMENTS--GENERAL INFORMATION
fixed length control field 111213s2010 ii b 101 0 eng
010 ## - LIBRARY OF CONGRESS CONTROL NUMBER
LC control number 2012335415
020 ## - INTERNATIONAL STANDARD BOOK NUMBER
International Standard Book Number 9780415585668
025 ## - OVERSEAS ACQUISITION NUMBER
Overseas acquisition number I-E-2012-335415; 63-92
035 ## - SYSTEM CONTROL NUMBER
System control number (IN-NdUBS) 2012335415
037 ## - SOURCE OF ACQUISITION
Source of stock number/acquisition Library of Congress -- New Delhi Overseas Office
040 ## - CATALOGING SOURCE
Original cataloging agency DLC
Transcribing agency DLC
Modifying agency DLC
042 ## - AUTHENTICATION CODE
Authentication code lcode
-- pcc
050 00 - LIBRARY OF CONGRESS CALL NUMBER
Classification number BL2015.R44
Item number R44 2010
082 ## - DEWEY DECIMAL CLASSIFICATION NUMBER
Classification number 306.60954 MAH
245 00 - TITLE STATEMENT
Title Religion, community, and development :
Remainder of title Changing contours of politics and policy in India /
Statement of responsibility, etc. editors, Gurpreet Mahajan, Surinder S. Jodhka.
260 ## - PUBLICATION, DISTRIBUTION, ETC.
Place of publication, distribution, etc. New Delhi ;
-- Abingdon :
Name of publisher, distributor, etc. Routledge,
Date of publication, distribution, etc. 2010.
300 ## - PHYSICAL DESCRIPTION
Extent xii, 336 p. ;
Dimensions 22 cm.
490 0# - SERIES STATEMENT
Series statement Religion and citizenship
504 ## - BIBLIOGRAPHY, ETC. NOTE
Bibliography, etc. note Includes bibliographical references and index.
520 ## - SUMMARY, ETC.
Summary, etc. Papers presented at a seminar organized at Jawaharlal Nehru University on Mar., 2007.
650 #0 - SUBJECT ADDED ENTRY--TOPICAL TERM
Topical term or geographic name entry element Religious pluralism
General subdivision Political aspects
Geographic subdivision India
Form subdivision Congresses.
650 #0 - SUBJECT ADDED ENTRY--TOPICAL TERM
Topical term or geographic name entry element Religious communities
Geographic subdivision India
General subdivision Social conditions
Form subdivision Congresses.
650 #0 - SUBJECT ADDED ENTRY--TOPICAL TERM
Topical term or geographic name entry element Religious communities
Geographic subdivision India
General subdivision Economic conditions
Form subdivision Congresses.
650 #0 - SUBJECT ADDED ENTRY--TOPICAL TERM
Topical term or geographic name entry element Religious minorities
General subdivision Government policy
Geographic subdivision India
Form subdivision Congresses.
700 1# - ADDED ENTRY--PERSONAL NAME
Personal name Mahajan, Gurpreet.
700 1# - ADDED ENTRY--PERSONAL NAME
Personal name Jodhka, Surinder S.
710 2# - ADDED ENTRY--CORPORATE NAME
Corporate name or jurisdiction name as entry element Jawaharlal Nehru University.
906 ## - LOCAL DATA ELEMENT F, LDF (RLIN)
a 7
b cbc
c origode
d 3
e ncip
f 20
g y-gencatlg
942 ## - ADDED ENTRY ELEMENTS (KOHA)
Source of classification or shelving scheme Dewey Decimal Classification
Koha item type CSSEIP Office Library Collection
Holdings
Withdrawn status Lost status Source of classification or shelving scheme Materials specified (bound volume or other part) Damaged status Not for loan Home library Current library Shelving location Date acquired Total Checkouts Full call number Barcode Date last seen Price effective from Koha item type Public note
    Dewey Decimal Classification HB     . . CSSEIP Office Library - Ambedkar Studies Books 13.06.2020   306.60954 MAH AMB020 13.06.2020 13.06.2020 CSSEIP Office Library Collection Available in CSSEIP Department Library